Research methodology (Record no. 10478)
[ view plain ]
| 000 -LEADER | |
|---|---|
| fixed length control field | 00279 a2200121 4500 |
| 008 - FIXED-LENGTH DATA ELEMENTS--GENERAL INFORMATION | |
| fixed length control field | 220412b ||||| |||| 00| 0 eng d |
| 020 ## - INTERNATIONAL STANDARD BOOK NUMBER | |
| International Standard Book Number | 9789383026067 |
| 082 ## - DEWEY DECIMAL CLASSIFICATION NUMBER | |
| Classification number | 658.401 |
| 100 ## - MAIN ENTRY--PERSONAL NAME | |
| Personal name | D-Cottage |
| 245 ## - TITLE STATEMENT | |
| Title | Research methodology |
| 260 ## - PUBLICATION, DISTRIBUTION, ETC. (IMPRINT) | |
| Name of publisher, distributor, etc | Pearl Books |
| Date of publication, distribution, etc | 2017 |
| 942 ## - ADDED ENTRY ELEMENTS (KOHA) | |
| Source of classification or shelving scheme | |
| Withdrawn status | Lost status | Source of classification or shelving scheme | Damaged status | Koha normalized classification for sorting | Not for loan | Permanent location | Current location | Date acquired | Source of acquisition | Cost, normal purchase price | Full call number | Barcode | Date last seen | Cost, replacement price | Price effective from | Koha item type | Public note |
|---|---|---|---|---|---|---|---|---|---|---|---|---|---|---|---|---|---|
| 001_420000000000000 | BMS College of Architecture, Design and Planning | BMS College of Architecture, Design and Planning | 2022-04-12 | 4 | 825.00 | 001.42 | AR-RD147 | 2022-04-26 | 1100.00 | 2022-04-12 | R&D Books | S-01 |